000 00375nam a22001577a 4500
005 20160903164405.0
008 160903b xxu||||| |||| 00| 0 eng d
020 _a978-81-89866-61-7
041 _aeng
100 _aRAVICHANDRA,N.G
_93476
245 _aPLANT NEMATOLOGY
260 _bI. K INTERNATIONAL
_c2015
300 _a688
650 _aAGRICULTURAL
_93475
942 _cBK
999 _c5181
_d5179